<?xml version="1.0" encoding="UTF-8"?>
<collection xmlns="http://www.loc.gov/MARC21/slim">
 <record>
  <leader>01817nam a2200205Ia 4500</leader>
  <controlfield tag="001">CTU_89184</controlfield>
  <controlfield tag="008">210402s9999    xx            000 0 und d</controlfield>
  <datafield tag="082" ind1=" " ind2=" ">
   <subfield code="a">658.19</subfield>
  </datafield>
  <datafield tag="082" ind1=" " ind2=" ">
   <subfield code="b">D794</subfield>
  </datafield>
  <datafield tag="100" ind1=" " ind2=" ">
   <subfield code="a">Drucker, Peter F.</subfield>
  </datafield>
  <datafield tag="245" ind1=" " ind2="4">
   <subfield code="a">The frontiers of management :</subfield>
  </datafield>
  <datafield tag="245" ind1=" " ind2="0">
   <subfield code="b">Where tomorrow’s decisions are being shaped today</subfield>
  </datafield>
  <datafield tag="245" ind1=" " ind2="0">
   <subfield code="c">Peter F. Drucker</subfield>
  </datafield>
  <datafield tag="260" ind1=" " ind2=" ">
   <subfield code="a">New York</subfield>
  </datafield>
  <datafield tag="260" ind1=" " ind2=" ">
   <subfield code="b">Truman Talley Books</subfield>
  </datafield>
  <datafield tag="260" ind1=" " ind2=" ">
   <subfield code="c">1986</subfield>
  </datafield>
  <datafield tag="520" ind1=" " ind2=" ">
   <subfield code="a">One of our most esteemed writers on economics and management here gathers 35 essays aimed at instructing America's industrial managers in the problemsand certainly the opportunitiesof our postindustrial society. Drucker may be difficult reading for the novice in this field, but his pieces, arranged in categories such as economics, people, management and the organization, make clear his thesis that today's economic-industrial frontiers are being manned by more-or-less faceless entrepreneurs who are emerging as managers of the big corporations that have gone through such crises as the 1973 oil crunch devised by OPEC and the ensuing inflationary storm, the virtual takeover of the car market by the Japanese, etc. American managers, he shows, have courted disaster by going for &quot;short term&quot; profits, whereas innovation is the ticket for the futureand for workers whose jobs are gone, the need for flexibility is urgent. Drucker shows keen insights into his themes, which range from high-tech innovations, automation, German/Japanese productivity, to the &quot;liberal art&quot; of management, the prophetic &quot;visions&quot; of IBM's Tom Watson, hostile takeovers and much more. Fortune Book Club and Executive Program main selectons; BOMC alternate.</subfield>
  </datafield>
  <datafield tag="650" ind1=" " ind2=" ">
   <subfield code="a">Management,Industrial management</subfield>
  </datafield>
  <datafield tag="904" ind1=" " ind2=" ">
   <subfield code="i">M.Loan</subfield>
  </datafield>
  <datafield tag="980" ind1=" " ind2=" ">
   <subfield code="a">Trung tâm Học liệu Trường Đại học Cần Thơ</subfield>
  </datafield>
 </record>
</collection>
